| 000 | 01128nam a2200301 a 4500 | ||
|---|---|---|---|
| 005 | 20191224041517.0 | ||
| 008 | 140219b1995 gw ad fr|||| 00| 0 eng d | ||
| 040 |
_aCO-BoIAVH _cCO-BoIAVH |
||
| 041 | 0 | _aeng | |
| 044 | _ack | ||
| 082 | 0 | 4 |
_a577.3 _bL43s |
| 111 | 2 |
_aInternational ESF-Workshop on Tropical Canopy Research _cGünzburg, Germany _d95 _n2 |
|
| 245 | 1 |
_aTropical forest canopies as an environment for arthropods and epiphytes, with special reference to the phyllosphere : _bfinal scientific report / _cInternational ESF-Workshop on Tropical Canopy Research |
|
| 260 |
_aGünzburg, Germany : _b[S.E.], _c1995. |
||
| 300 |
_a61 páginas : _bIlustraciones, gráficos ; _c21 x 15 cm |
||
| 650 | 0 | 6 | _aPlantas de dosel |
| 650 | 0 | 6 | _aBosque húmedo tropical |
| 650 | 0 | 6 | _aFauna de dosel |
| 650 | 0 | 6 | _aArtrópodos |
| 650 | 0 | 6 | _aEpífitos |
| 650 | 0 | 6 | _aFilosfera |
| 700 | 1 | _aLücking, Robert | |
| 700 | 1 | _aFreiberg, Martin | |
| 700 | 1 | _aLücking, Andrea | |
| 700 | 1 | _aFreiberg, Elke | |
| 700 | 1 | _aGottsberger, Gerhard | |
| 942 |
_cLIBRO _2ddc |
||
| 999 |
_c202 _d202 |
||